000 00477nam a2200145Ia 4500
008 240729s9999 xx 000 0 und d
022 _a2559-5490
245 0 _aRevista Română de Biblioteconomie și Știința Informării
260 _aRomania
260 _bRomanian Library Association
650 _aBibliography. Library science. Information resources
856 _uhttps://doaj.org/toc/a0195e4c0f7146699351c07eee40bea9
942 _2ddc
942 _cDOAJEJ
999 _c72091
_d72091
945 _a1
_bMadushi Gamage
_c1
_dMadushi Gamage